[Event "First Saturday FM-A April 2014"]
[Site "Budapest"]
[Date "2014.04.11"]
[Round "6.4"]
[White "Steer, Jozsef"]
[Black "Terbe, Julianna"]
[Result "0-1"]
[WhiteElo "1918"]
[BlackElo "2102"]
[PlyCount "54"]
[EventDate "2014.04.05"]

1. e4 c5 2. Nf3 Nc6 3. d4 cxd4 4. Nxd4 Nf6 5. Nc3 e5 6. Ndb5 d6 7. Bg5 a6 8.
Bxf6 gxf6 9. Na3 b5 10. Nd5 Bg7 11. c3 f5 12. exf5 Bxf5 13. Qf3 Be6 14. Nf6+
Bxf6 15. Qxc6+ Ke7 16. Nc2 Qc8 17. Qxc8 Raxc8 18. a4 Bb3 19. Nb4 a5 20. Nd3
Bxa4 21. Kd2 Bg5+ 22. Ke2 e4 23. Ne1 Bb3 24. Rxa5 Ra8 25. Rxa8 Rxa8 26. f3 Bc4+
27. Kf2 e3+ 0-1

[Event "First Saturday FM-A April 2014"]
[Site "Budapest"]
[Date "2014.04.11"]
[Round "6.5"]
[White "Juracsik, Jozsef"]
[Black "Bartha, Sandor"]
[Result "1-0"]
[WhiteElo "2117"]
[BlackElo "2102"]
[PlyCount "91"]
[EventDate "2014.04.05"]

1. e4 c5 2. Nf3 d6 3. Bb5+ Bd7 4. a4 a6 5. Bc4 e6 6. Nc3 Nf6 7. d3 Be7 8. O-O
O-O 9. h3 Nc6 10. Bf4 h6 11. Bd2 Rc8 12. Nh2 Nd4 13. a5 Bc6 14. Ba2 b5 15. Ne2
Nxe2+ 16. Qxe2 d5 17. e5 Nh7 18. d4 cxd4 19. Nf3 Bc5 20. b4 Ba7 21. Qd3 Bd7 22.
Bb1 f5 23. Nxd4 Qh4 24. f4 Rc4 25. c3 Rfc8 26. Kh2 Qe7 27. g4 g6 28. gxf5 gxf5
29. Ba2 R4c7 30. Rg1+ Kh8 31. Rg6 Bxd4 32. Qxd4 Rg8 33. Rxg8+ Kxg8 34. Rg1+ Kf7
35. Be3 Bc8 36. Qd2 Nf8 37. Bb6 Rc6 38. Bf2 Ke8 39. Bb1 d4 40. Bxd4 Bb7 41. Bd3
Qd7 42. Be2 Qd5 43. Bh5+ Kd7 44. Rg7+ Kc8 45. Rg8 Qd8 46. Qf2 1-0

[Event "First Saturday FM-A April 2014"]
[Site "Budapest"]
[Date "2014.04.12"]
[Round "7.2"]
[White "Terbe, Julianna"]
[Black "Juracsik, Jozsef"]
[Result "1/2-1/2"]
[WhiteElo "2102"]
[BlackElo "2117"]
[PlyCount "105"]
[EventDate "2014.04.05"]

1. d4 Nf6 2. Bf4 c5 3. e3 e6 4. h3 Nc6 5. Nf3 Be7 6. c3 O-O 7. Bd3 cxd4 8. exd4
Nd5 9. Bh2 f5 10. Nbd2 d6 11. Qe2 Bd7 12. Bc4 Nc7 13. a4 d5 14. Bd3 a6 15. O-O
Ne8 16. Ne5 Nxe5 17. Bxe5 Nf6 18. a5 Be8 19. Nb3 Rc8 20. Rfe1 Bh5 21. Qc2 Rc6
22. f3 Nd7 23. Re2 Bh4 24. Nd2 Nxe5 25. dxe5 Bg3 26. Nf1 Bh4 27. Qa4 Be7 28.
Kh1 Bc5 29. c4 dxc4 30. Bxc4 Qg5 31. Rc2 Bxf3 32. Qb3 Be4 33. Bxe6+ Kh8 34. Re2
Qe7 35. Bd5 Qxe5 36. Bxc6 bxc6 37. Rae1 h6 38. Qc4 Rb8 39. Qxa6 Rb3 40. Rxe4
fxe4 41. Qxc6 Rxb2 42. Qxe4 Qxe4 43. Rxe4 Rb1 44. Rf4 Ra1 45. g3 g6 46. h4 Kg7
47. Kg2 Rxa5 48. Kf3 Ra3+ 49. Kg2 Ra2+ 50. Kf3 Ba7 51. Ke4 Ra4+ 52. Kf3 Ra2 53.
Ke4 1/2-1/2

[Event "First Saturday FM-A April 2014"]
[Site "Budapest"]
[Date "2014.04.12"]
[Round "7.3"]
[White "Berta, Sandor"]
[Black "Steer, Jozsef"]
[Result "1-0"]
[WhiteElo "1982"]
[BlackElo "1918"]
[PlyCount "75"]
[EventDate "2014.04.05"]

1. g3 d5 2. Bg2 Nf6 3. d3 b6 4. c4 Bb7 5. Nc3 e6 6. cxd5 Nxd5 7. Nf3 Be7 8. O-O
O-O 9. Bd2 Nxc3 10. bxc3 c5 11. Qc2 Nc6 12. Rfd1 Qc7 13. Bc1 Rfd8 14. Bb2 Bf6
15. Rac1 Rac8 16. Qb1 Ne5 17. Nd2 Bxg2 18. Kxg2 g6 19. c4 Bg7 20. Qa1 f6 21.
Ne4 Qc6 22. Kg1 Rf8 23. Nxf6+ Bxf6 24. Bxe5 Bxe5 25. Qxe5 Rf5 26. Qe4 Qd6 27.
Qe3 Rcf8 28. Rf1 e5 29. Qe4 Qf6 30. f3 h5 31. Rf2 Kg7 32. Rcf1 g5 33. Qd5 Qe7
34. Qe4 Qf6 35. e3 Qd6 36. f4 exf4 37. exf4 Qf6 38. fxg5 1-0

[Event "First Saturday FM-A April 2014"]
[Site "Budapest"]
[Date "2014.04.12"]
[Round "7.4"]
[White "Marcu, Simon"]
[Black "Bacsi, Andras"]
[Result "1-0"]
[WhiteElo "1844"]
[BlackElo "1782"]
[PlyCount "65"]
[EventDate "2014.04.05"]

1. d4 b5 2. a4 bxa4 3. c4 c5 4. d5 e5 5. e4 d6 6. Rxa4 Be7 7. Bd3 Bg5 8. Nd2
Nf6 9. Ngf3 Bxd2+ 10. Bxd2 Bg4 11. h3 Bxf3 12. Qxf3 O-O 13. O-O Nbd7 14. Rfa1
Qc7 15. Ra6 Nb6 16. Qg3 Nh5 17. Qg5 g6 18. g4 f6 19. Qh6 Ng7 20. f4 Nd7 21. f5
g5 22. h4 gxh4 23. Qxh4 Rf7 24. Kf2 Nf8 25. Qh3 Ne8 26. Bc2 Qb8 27. Qa3 Rb7 28.
Ra2 Rb6 29. Bc3 Rxa6 30. Qxa6 Nd7 31. Ba4 Qc7 32. Bc6 Nb8 33. Qb7 1-0

[Event "First Saturday FM-A April 2014"]
[Site "Budapest"]
[Date "2014.04.12"]
[Round "7.5"]
[White "Kis, Bela"]
[Black "Darazs, Zoltan"]
[Result "1/2-1/2"]
[WhiteElo "2050"]
[BlackElo "2130"]
[PlyCount "26"]
[EventDate "2014.04.05"]

1. e4 c5 2. d4 cxd4 3. c3 dxc3 4. Nxc3 Nc6 5. Nf3 d6 6. Bc4 e6 7. O-O Be7 8.
Qe2 a6 9. Rd1 b5 10. Bb3 Ra7 11. Be3 Rd7 12. Rac1 Bb7 13. Nxb5 axb5 1/2-1/2